|
|
|
|
| LEADER |
00858nam a22002532a 4500 |
| 001 |
000149942 |
| 003 |
CZ BrMZK |
| 005 |
20070221075837.0 |
| 008 |
010907s1994 xr f cze d |
| 015 |
|
|
|a cnb000094966
|
| 020 |
|
|
|a 80-85431-22-X
|
| 035 |
|
|
|a (OCoLC)36615132
|
| 040 |
|
|
|a BOA001
|b cze
|
| 080 |
|
|
|a 372.880.850(075.2):373.34
|2 MRF
|
| 100 |
1 |
|
|a Hedvičáková, Jaroslava
|7 jx20050511013
|
| 245 |
1 |
0 |
|a Český jazyk pro 9. ročník základní školy.
|n [Díl] 2 /
|c Jaroslava Hedvičáková, Eva Müllerová
|
| 250 |
|
|
|a 1. vyd.
|
| 260 |
|
|
|a Praha :
|b Prospektrum,
|c 1994
|
| 300 |
|
|
|a 78 s.
|
| 700 |
1 |
|
|a Müllerová, Eva
|7 jx20050701055
|
| 910 |
|
|
|a BOA001
|b PK-0119.574,2
|
| 964 |
|
|
|a Čeština - učebnice - školy základní
|
| 990 |
|
|
|a BK
|
| 996 |
7 |
|
|b 3119952100
|c PK-0119.574,2
|l MZK
|r Sklad / do 1 hodiny
|n 6
|w 000149942
|u 000010
|a 1
|e BOA001
|j MZK50
|s A
|